000
00286nam a2200121Ia 4500
008
240624s9999 xx 000 0 und d
041
_a
eng
082
_a
823 FOR
100
_a
FORSYTH FREDERICK
245
_a
KILL LIST
260
_c
2013
_a
London
_b
Corgi Books
300
_a
348 p.; 17 cm.
999
_c
28969
_d
28969